Caricamento...

Guide to the design of real-time systems /

Dettagli Bibliografici
Autore principale: Rothstein, Michael F.
Lingua:Undetermined
Pubblicazione: 1970.
LEADER 00400nam a2200121Ia 4500
001 105958
008 170722s9999 xx 000 0 und d
100 |a Rothstein, Michael F. 
245 |a Guide to the design of real-time systems / 
260 |c 1970. 
942 |c GEN 
999 |c 77372  |d 77372 
952 |0 0  |1 0  |4 0  |6 X_8MOBD651_LO  |7 0  |8 LC1  |9 109109  |a LIB  |b LIB  |d 2017-08-12  |h LC1  |o X:8MobD651 LO  |p 130911  |r 2017-08-12  |w 2017-08-12  |y GEN